| 000 | 01546cam a2200385 i 4500 | ||
|---|---|---|---|
| 001 | 20501050 | ||
| 005 | 20200320223442.0 | ||
| 008 | 180517s2019 nyu d 000 1 eng | ||
| 010 | _a 2018017878 | ||
| 020 | _a9781101994917 (hardcover) | ||
| 020 | _z9781101994924 (ebook) | ||
| 040 |
_aDLC _beng _cDLC _erda _dDLC |
||
| 042 |
_apcc _alcac |
||
| 050 | 0 | 0 |
_aPZ7.K5693 _bDig 2019 |
| 082 | 0 | 0 |
_a[Fic] _223 |
| 100 | 1 |
_aKing, A. S. _q(Amy Sarig), _d1970- _eauthor _95877183 |
|
| 245 | 1 | 0 |
_aDig / _cby A.S. King. |
| 264 | 1 |
_aNew York : _bDutton Books, _c[2019] |
|
| 300 |
_a392 pages ; _c22 cm |
||
| 336 | _atext | ||
| 337 | _aunmediated | ||
| 338 | _avolume | ||
| 520 | _aFive white teenage cousins who are struggling with the failures and racial ignorance of their dysfunctional parents and their wealthy grandparents, reunite for Easter. | ||
| 650 | 1 |
_aCousins _vFiction. _96020601 |
|
| 650 | 1 |
_aFamily problems _vFiction. _95678589 |
|
| 650 | 1 |
_aFamily reunions _vFiction. _95687772 |
|
| 650 | 1 |
_aPrejudices _vFiction. _95678600 |
|
| 650 | 1 |
_aEaster _vFiction. _95674951 |
|
| 906 |
_a7 _bcbc _corignew _d1 _eecip _f20 _gy-gencatlg |
||
| 925 | 0 |
_aacquire _b1 shelf copy _xpolicy default |
|
| 942 |
_cBOOK _01 |
||
| 948 |
_a02/27/2020 _zSirsi |
||
| 955 | _fxk06 2019-05-28 to CALM | ||
| 996 |
_a175845 _b34301001604802 _cYA _dbk _ewcl _fi _g1 _h17.99 _lmicromarketing _mKin _p02/27/2020 _q03/14/2020 _r02/28/2020 |
||
| 999 |
_c324484 _d324483 |
||